Movies Quiz

Random Movies or Role Quiz

Vin Diesel Movies Quiz Stats

 Plays Quiz not verified by Sporcle

Challenge
Share
Tweet
Embed
Score 0/23 Timer 10:00
0 Plays Today
Year Title % Correct
2001The Fast and the Furious
97.9%
2009Fast and Furious
97.9%
2011Fast Five
93.1%
2002xXx
92%
2017The Fate of the Furious
90.7%
2013Furious 6
89.3%
2014 (voice only)Guardians of the Galaxy
84.4%
2017 (voice only)Guardians of the Galaxy Vol. 2
82.2%
2015Furious 7
80.3%
1998Saving Private Ryan
78.5%
2017xXx: Return of Xander Cage
78.1%
2013Riddick
77.9%
Year Title % Correct
2004The Chronicles of Riddick
73.4%
2000Pitch Black
72.7%
2005The Pacifier
68.5%
1999 (voice only)The Iron Giant
60.9%
2015The Last Witch Hunter
53.4%
2000Boiler Room
41.2%
2006Find Me Guilty
36.7%
2003A Man Apart
34.6%
2008Babylon A.D.
33.6%
2002Knockaround Guys
31.1%
2016Billy Lynn's Long Halftime Walk
16.3%

You're not logged in!

Compare scores with friends on all Sporcle quizzes.
Join for Free
OR
Log In

You Might Also Like...

Show Comments

Extras

Top Quizzes Today


Score Distribution

Your Account Isn't Verified!

In order to create a playlist on Sporcle, you need to verify the email address you used during registration. Go to your Sporcle Settings to finish the process.

Report this User

Report this user for behavior that violates our Community Guidelines.

Details: